00478 a2200133 450000500170000002000220001708200210003910000230006024500630008325000120014626000410015830000690019985600760026820250613081255.0 a978-81-315-1871-7 aLECT 658.404 KLO aKLOPPENBORG, T. J. aContemporary Project Management : Organize/ Plan/ Perform. a2nd Ed. aNew Delhi,bCengage Learning,c2012. axxi, 425p.: ill.; chart, picture, tablebGlossary & Indexc23cm. yAccess Online BookfContemporary Project Management dwww.cengage.co.in